00754nam a2200169 a 4500003000200000005001700002008004100019050002700060100002700087245014400114260009000258300004000348504004100388650004200429650004900471650006400520020250523112455.0021119s19uu xx 00 eng d aPHS HQ 1031b.S57 2002 aSison, Mara Janessa P. aEffects of interracial marriages on the social life and family life of selected adolescents school year 2001-2002 /cMara Janessa P. Sison. aLas Piñas City, Philippines :bSouthville International School and Colleges,c2002. a34 pages :billustrations ;c28 cm. aIncludes bibliographical references. aInterracial marriagexSocial aspects. aInterracial marriagexPsychological aspects. aChildren of interracial marriagexPsychosocial development.